000 00830nam a2200265Ia 4500
003 OSt
005 20220928120824.0
006 a|||||r|||| 00| 0
007 ta
008 220927b |||||||| |||| 00| 0 eng d
020 _c995
024 _a116764
037 _b111, 20/09/2012, Pioneer Book Distributors
_cTextual
040 _aSDCL
_cSDCL
_beng
041 _2eng
_aeng
082 _aC62:25(B93), P5
100 _aMarkvart Tom
_9451300
245 0 _aSolar cells
_b Materials,manufacture and operation.
260 _aAmsterdam
_bElsevier
_c2010
300 _axii,555p
_ccm.
650 _aElectronic Science
700 _a Castaner Luis Ed.
_9451301
942 _hC62:25(B93), P5
_cTEXL
_2CC
999 _c765380
_d765380